000 02248nam a2200325 a 4500
001 ebr10517345
003 CaPaEBR
006 m u
007 cr cn|||||||||
008 110923s2012 caua s 001 0 eng d
010 _z 2011039257
020 _z9781118027240 (hardback)
020 _z9781118176252 (e-book)
040 _aCaPaEBR
_cCaPaEBR
035 _a(OCoLC)774288733
050 1 4 _aHD3629
_b.H35 2012eb
100 1 _aHale, Judith A.
245 1 0 _aPerformance-based certification
_h[electronic resource] :
_bhow to design a valid, defensible, cost-effective program /
_cJudith Hale.
250 _a2nd ed.
260 _aSan Francisco :
_bPfeiffer,
_cc2012.
300 _axiv, 270 p. :
_bill.
500 _aIncludes index.
520 _a"Are your employees qualified? Looking for qualified people to do competent work? How do you ensure that the people you hire can do the job right? An ever-increasing number of organizations are asking the same questions. Certification planning is the answer and Performance-Based Certification is the key. This is the only book on the market that addresses the growing need to monitor the qualifications of employees. You'll be able to quickly customize the certification tests and other job aids provided on the accompanying disk. Create a certification program within your organization to: Instill confidence that employees, members, or suppliers are qualified to meet the needs of your customers Ensure that your workforce is trained and competent to their job Make your hiring process more cost effective and legally defendable Recognize competence and consistency of your employees Once you've identified the need for a certification program, what's the next step? All of the answers are here!"--
_cProvided by publisher.
533 _aElectronic reproduction.
_bPalo Alto, Calif. :
_cebrary,
_d2012.
_nAvailable via World Wide Web.
_nAccess may be limited to ebrary affiliated libraries.
650 0 _aOccupations
_xCertification.
650 0 _aProfessions
_xCertification.
655 7 _aElectronic books.
_2local
710 2 _aebrary, Inc.
856 4 0 _uhttp://site.ebrary.com/lib/rucke/Doc?id=10517345
_zAn electronic book accessible through the World Wide Web; click to view
999 _c224970
_d224970